| 000 | 01127nam0a22003011 4500 | ||
|---|---|---|---|
| 001 | v19\rc\1899017 | ||
| 005 | 20080221163112.6 | ||
| 035 | _a(NLR Aleph) 004984742 | ||
| 090 |
_a6222548 _c6222549 |
||
| 100 | _a20080221d1911 |||y0rusy50 ca | ||
| 101 | 1 |
_arus _cger |
|
| 102 | _aRU | ||
| 105 | _aa z ||||| | ||
| 200 | 1 |
_aРадий и явления радиоактивности _fПер. с нем. Л. Двига _gПод ред. В.В. Битнера |
|
| 210 |
_aСанкт-Петербург _c"Вестник знания" (В.В. Битнер) _d1911 |
||
| 215 |
_a64 с. _cил. _d20 |
||
| 300 | _aЗагл. обл.: Радий | ||
| 311 | _aБеспл. прил. к "Неделе Вестника знаний" | ||
| 422 | 0 | _12001#$aНеделя Вестника знаний | |
| 512 | 0 | _aРадий | |
| 700 | 1 |
_aКауфман _bГ. _f1870- _gГуго |
|
| 702 | 1 |
_aДвиг _bЛ. _4730 |
|
| 702 | 1 |
_aБитнер _bВ. В. _f1865-1921 _gВильгельм Вильгельмович _4340 |
|
| 801 | 0 |
_aRU _bNLR _gpsbo |
|
| 801 | 1 |
_aRU _bProSoft-M _2rusmarc |
|
| 852 |
_aNLR _j20.94.8.184 |
||
| 942 | _cBOOK | ||
| 980 | _aNB | ||